La marca : M ximo valor de su empresa / Davis, Scott M. (Registro nro. 15424)
[ vista simple ]
| 000 -LÍDER | |
|---|---|
| fixed length control field | 00489nam a2200145 4500 |
| 008 - ELEMENTOS DE LONGITUD FIJA -- INFORMACIÓN GENERAL | |
| fixed length control field | 0 2002 0a 000 0MEX |
| 020 ## - NÚMERO INTERNACIONAL NORMALIZADO PARA LIBROS | |
| ISBN | 970-26-0166-5 |
| 050 ## - SIGNATURA TOPOGRAFICA DE LA BIBLIOTECA DEL CONGRESO (LC) | |
| Número de Clasificación | HD69.B7 D3818 2002 |
| 082 ## - NUMERO DE CLASIFICACION DECIMAL DEWEY | |
| Número de Clasificación | 658.827 D261m |
| 100 ## - ASIENTO PRINCIPAL--NOMBRE PERSONAL | |
| Nombre personal | Davis, Scott M. |
| 245 ## - TÍTULO | |
| Título | La marca : M ximo valor de su empresa / Davis, Scott M. |
| 260 ## - PUBLICACIÓN, DISTRIBUCIÓN, ETC. (PIE DE IMPRENTA) | |
| Lugar de publicación, distribución, etc. | México : Pearson Educación |
| 300 ## - DESCRIPCIÓN FÍSICA | |
| Extensión | xviii, 267 p. / 22 cm. |
| 650 ## - ASIENTO SECUNDARIO DE MATERIA - TERMINO TEMÁTICO | |
| Término temático o nombre geográfico como elemento de entrada | 1.PRODUCTOS DE MARCAS-USA REGISTRADAS \ 2.ADMINISTRACION DE PRODUCTOS-USA |
| No. biblioteca | No. biblioteca | Número de clasificación | Código de barras/Número de adquisición | Número de copia | Tipo de material |
|---|---|---|---|---|---|
| LUIS G. INCLAN | LUIS G. INCLAN | 658.827 D261m | 40441 | 1 | Libros |
| LUIS G. INCLAN | LUIS G. INCLAN | 658.827 D261m | 40442 | 2 | Libros |
| LUIS G. INCLAN | LUIS G. INCLAN | 658.827 D261m | 40443 | 3 | Libros |
| LUIS G. INCLAN | LUIS G. INCLAN | 658.827 D261m | 40444 | 4 | Libros |
| LUIS G. INCLAN | LUIS G. INCLAN | 658.827 D261m | 45957 | 5 | Libros |
| LUIS G. INCLAN | LUIS G. INCLAN | 658.827 D261m | 45958 | 6 | Libros |
| LUIS G. INCLAN | LUIS G. INCLAN | 658.827 D261m | 45959 | 7 | Libros |
| LUIS G. INCLAN | LUIS G. INCLAN | 658.827 D261m | 45960 | 8 | Libros |
| LUIS G. INCLAN | LUIS G. INCLAN | 658.827 D261m | 45961 | 9 | Libros |
| LUIS G. INCLAN | LUIS G. INCLAN | 658.827 D261m | 46538 | 10 | Libros |
| LUIS G. INCLAN | LUIS G. INCLAN | 658.827 D261m | 46971 | 11 | Libros |
